Vidéos de Mister V (chaîne perso) - Statistiques

Statistiques générales
  • Ce quiz a été pris 23 fois
  • Le résultat moyen est 18 sur 60
Statistiques - réponses
Vidéos Youtube de Mister V sur sa chaîne principale % Correct
La police
85%
Le rap
80%
La police 3
75%
Faire un album
70%
Faire un album
70%
La police 2
70%
Le Québec
70%
McWalter
65%
Les 11 rappeurs a ne pas suivre
60%
Rap vs Réalité
60%
La Pizza Delamama
55%
Le basketball
55%
Le cannabis
55%
Les States
55%
Rap VS Réalité 2
55%
Le permis de conduire
45%
Le R'n'B
45%
Les Jones
45%
Avoir un gosse
40%
La Pizza Delamama 2
40%
Dormir
35%
Los Angeles
35%
McWalter 3
35%
Le bac
30%
McWalter et la menace Kibuja (Partie 1)
30%
McWalter et la menace Kibuja (Partie 2)
30%
Trouver un job
30%
Etre célibataire
25%
Être célibataire (version soft pour les enfants)
25%
La bagarre
25%
Les 5 photos de profil Facebook
25%
Le service
25%
Etre en couple
20%
Faire un album - La suite
20%
J'ai 25 ans
20%
La danse
20%
Jean-Michel Pokora
15%
L'éducation sexuelle
15%
Les boîtes de nuit
15%
J'ai gagné la course à Squeezie (C'est le GP Explorer 2)
10%
La rentrée scolaire
10%
Le métissage
10%
Les super-héros
10%
Les vampires
10%
[Parodie] Colonel Crado - Toutes les nuits
10%
Qui c'est qui fera la meilleure chanson paillarde ?
10%
Secret Story
10%
16 ans: le code
5%
Bonne année
5%
Docteur Love
5%
Kikou
5%
La politique
5%
Le mystère de l'épaule gauche
5%
Les 5 nouvelles photos de profil
5%
Les bonnes résolutions
5%
Les jeux vidéo
5%
Les maths
5%
Mc Jacky - Le rap des clichés
5%
Partir en vacances
5%
Party night relou
5%
Aucun quiz correspondant
Distribution des résultats
% des personnes avec chaque résultat
Percentile par nombre de réponses
Votre historique - résultats
Vous n’avez pas pris ce quiz